<?xml version="1.0" encoding="UTF-8"?>
<collection xmlns="http://www.loc.gov/MARC21/slim">
<record>
  <controlfield tag="000">01368ctm\a22001935i\4500</controlfield>
  <controlfield tag="001">543589</controlfield>
  <controlfield tag="005">20251009150808.0</controlfield>
  <controlfield tag="008">200621s1683\\\\gw\\\\\\\\\\\\\\\\0\ger\d</controlfield>
  <datafield tag="040" ind1=" " ind2=" ">
    <subfield code="d">UtOrBLW</subfield>
  </datafield>
  <datafield tag="245" ind1="0" ind2="0">
    <subfield code="a">Health certificate</subfield>
    <subfield code="h">[manuscript],</subfield>
    <subfield code="f">ca. 1683.</subfield>
  </datafield>
  <datafield tag="300" ind1=" " ind2=" ">
    <subfield code="a">1 item</subfield>
  </datafield>
  <datafield tag="336" ind1=" " ind2=" ">
    <subfield code="a">text</subfield>
    <subfield code="b">txt</subfield>
    <subfield code="2">rdacontent</subfield>
  </datafield>
  <datafield tag="337" ind1=" " ind2=" ">
    <subfield code="a">unmediated</subfield>
    <subfield code="b">n</subfield>
    <subfield code="2">rdamedia</subfield>
  </datafield>
  <datafield tag="500" ind1=" " ind2=" ">
    <subfield code="a">This is a PRELIMINARY RECORD. It may contain incorrect information. Please email catalog@folger.edu for assistance.</subfield>
  </datafield>
  <datafield tag="541" ind1="1" ind2=" ">
    <subfield code="n">20 x 31 x 1 cm</subfield>
  </datafield>
  <datafield tag="752" ind1=" " ind2=" ">
    <subfield code="a">Germany</subfield>
    <subfield code="2">naf</subfield>
  </datafield>
  <datafield tag="791" ind1="2" ind2=" ">
    <subfield code="a">The K. Frank and Joycelyn C. Austen Acquisitions Endowment,</subfield>
    <subfield code="e">funder.</subfield>
    <subfield code="g">34</subfield>
    <subfield code="5">DFo</subfield>
  </datafield>
  <datafield tag="852" ind1="8" ind2=" ">
    <subfield code="a">US-DFo</subfield>
    <subfield code="b">DeckC-Rare</subfield>
    <subfield code="h">FAST ACC 272110</subfield>
    <subfield code="z">This is a PRELIMINARY RECORD. It may contain incorrect information. The "FAST ACC" number is a temporary call number. Please email catalog@folger.edu for assistance.</subfield>
    <subfield code="z">Purchase made possible by The K. Frank and Joycelyn C. Austen Acquisitions Endowment.</subfield>
    <subfield code="z">From dealer's description: "GERMAN HEALTH CERTIFICATE Nachdemmahlen Vorweise dieses [MS:] Herr Zacharias.    Mainz: , 29 June1683.    Half-sheet broadside 190 x 310mm, 7 lines of text with a large decorated initial, proforma filled out in MS, paper seal; docketed on verso.  Condition: Old folds, small piece torn from right hand margin, not affecting the text. The certificate states that the bearer is in good health and from Mainz which is (praise God) free from infection. It is requested that the bearer be allowed to travel and pass freely from place to place."</subfield>
    <subfield code="z">Ordered from Librairie Roger Gaskell Rare Books, D9391, 2020-06-21, email quote.</subfield>
    <subfield code="z">Purchase made possible by The K. Frank and Joycelyn C. Austen Acquisitions Endowment.</subfield>
    <subfield code="7">831631</subfield>
    <subfield code="j">272110</subfield>
  </datafield>
  <datafield tag="909" ind1="C" ind2="O">
    <subfield code="o">oai:catalog.folger.edu:543589</subfield>
    <subfield code="p">GLOBAL_SET</subfield>
  </datafield>
  <datafield tag="980" ind1=" " ind2=" ">
    <subfield code="a">BIB</subfield>
  </datafield>
  <datafield tag="983" ind1=" " ind2=" ">
    <subfield code="a">Vault</subfield>
  </datafield>
</record>
<record>
  <controlfield tag="000">02508ckm\a2200205\i\4500</controlfield>
  <controlfield tag="001">545028</controlfield>
  <controlfield tag="005">20251009150931.0</controlfield>
  <controlfield tag="008">211008|\\\\\\\\xx\||||\|\\\\||||\||und||</controlfield>
  <datafield tag="040" ind1=" " ind2=" ">
    <subfield code="d">UtOrBLW</subfield>
  </datafield>
  <datafield tag="245" ind1="0" ind2="0">
    <subfield code="a">You are desired to Accompany the Corps of [blank] to the Parish Church of [blank] on [blank] next being the [blank] of [blank] at [blank] of the Click in the [blank] precisely, And bring this Ticket with you</subfield>
    <subfield code="h">[graphic].</subfield>
  </datafield>
  <datafield tag="260" ind1=" " ind2=" ">
    <subfield code="c">[late 17th or 18 cent.]</subfield>
  </datafield>
  <datafield tag="300" ind1=" " ind2=" ">
    <subfield code="a">1 print :</subfield>
    <subfield code="b">engraving ;</subfield>
    <subfield code="c">29 x 22 cm</subfield>
  </datafield>
  <datafield tag="336" ind1=" " ind2=" ">
    <subfield code="a">still image</subfield>
    <subfield code="b">sti</subfield>
    <subfield code="2">rdacontent</subfield>
  </datafield>
  <datafield tag="337" ind1=" " ind2=" ">
    <subfield code="a">unmediated</subfield>
    <subfield code="b">n</subfield>
    <subfield code="2">rdamedia</subfield>
  </datafield>
  <datafield tag="340" ind1=" " ind2=" ">
    <subfield code="d">engraving</subfield>
    <subfield code="2">rdapm</subfield>
  </datafield>
  <datafield tag="500" ind1=" " ind2=" ">
    <subfield code="a">This is a PRELIMINARY RECORD. It may contain incorrect information. The "FAST ACC" number is a temporary call number. Please email catalog@folger.edu for assistance.</subfield>
    <subfield code="5">DFo</subfield>
  </datafield>
  <datafield tag="583" ind1="1" ind2=" ">
    <subfield code="a">condition reviewed</subfield>
    <subfield code="c">2022-10-04</subfield>
    <subfield code="k">EB</subfield>
    <subfield code="z">Fully adhered to early 20th-century backing board. Removed from plain black early 20th-century 3/8-in. wooden frame with framer's ticket "Made by Alden &amp; Co. Ltd., Picture Frame Manufacturers, 35, Corn-Market Street and 14, Broad Street, Oxford. Workshops: 14, Broad Street." Frame presumably to be discarded.</subfield>
    <subfield code="2">pda</subfield>
    <subfield code="5">DFo</subfield>
  </datafield>
  <datafield tag="852" ind1="8" ind2=" ">
    <subfield code="a">US-DFo</subfield>
    <subfield code="z">Ordered from Dean Cooke, Manuscripts &amp; Rare Books, D9535, 2021-10-06, Cat. "First words: catalogue of manuscripts &amp; rare books to be exhibited by Dean Cooke Rare Books Ltd on stand A7 at the firsts fair Saatchi Gallery London 21 - 24 October 2021", item #47</subfield>
    <subfield code="z">From dealer's description: "47. [FUNERAL INVITATION] Engraved funeral ticket 'You are desired to Accompany the Corps'. [Circa 1700]. Single sheet (292 mm x 220 mm). Framed by Alden &amp; Co. Ltd. 35, Corn-Market Street and 14, Broad Street, Oxford (probably early 20th century). The ticket has been removed from the frame for inspection, and fortunately, the sheet has been pasted to board by the framer. Engraved plate mark, but no watermark visible. This late 17th- or early-18th-century engraved funeral ticket features the grim reaper, a skeleton, trumpeting angels, and a funeral cortège. The text reads: "You are desired to Accompany the Corps of [blank] to the Parish Church of [blank] on [blank] next being the [blank] of [blank] at [blank] of the Clock in the [blank] precisely, And bring this Ticket with you". Given the blanks do not have the usual manuscript additions it seems likely this example is from an undertaker's stock of blanks."</subfield>
    <subfield code="7">833248</subfield>
    <subfield code="j">272516</subfield>
    <subfield code="h">FAST ACC 272516</subfield>
    <subfield code="n">24 x 31 x 1 cm</subfield>
  </datafield>
  <datafield tag="909" ind1="C" ind2="O">
    <subfield code="o">oai:catalog.folger.edu:545028</subfield>
    <subfield code="p">GLOBAL_SET</subfield>
  </datafield>
  <datafield tag="980" ind1=" " ind2=" ">
    <subfield code="a">BIB</subfield>
  </datafield>
  <datafield tag="983" ind1=" " ind2=" ">
    <subfield code="a">Vault</subfield>
  </datafield>
</record>
<record>
  <controlfield tag="000">06195ctm\a22002055i\4500</controlfield>
  <controlfield tag="001">545003</controlfield>
  <controlfield tag="005">20251009150931.0</controlfield>
  <controlfield tag="008">211006q16831702enk||||\|\\\\||||\||eng||</controlfield>
  <datafield tag="040" ind1=" " ind2=" ">
    <subfield code="d">UtOrBLW</subfield>
  </datafield>
  <datafield tag="245" ind1="0" ind2="3">
    <subfield code="a">[Collection of affidavits of burial in woollen]</subfield>
    <subfield code="h">[manuscript],</subfield>
    <subfield code="f">[1683].</subfield>
  </datafield>
  <datafield tag="260" ind1=" " ind2=" ">
    <subfield code="c">1683-1702.</subfield>
  </datafield>
  <datafield tag="300" ind1=" " ind2=" ">
    <subfield code="a">9 sheets ;</subfield>
    <subfield code="c">30 x 20 cm</subfield>
  </datafield>
  <datafield tag="336" ind1=" " ind2=" ">
    <subfield code="a">text</subfield>
    <subfield code="b">txt</subfield>
    <subfield code="2">rdacontent</subfield>
  </datafield>
  <datafield tag="337" ind1=" " ind2=" ">
    <subfield code="a">unmediated</subfield>
    <subfield code="b">n</subfield>
    <subfield code="2">rdamedia</subfield>
  </datafield>
  <datafield tag="500" ind1=" " ind2=" ">
    <subfield code="a">This is a PRELIMINARY RECORD. It may contain incorrect information. Please email catalog@folger.edu for assistance.</subfield>
    <subfield code="5">DFo</subfield>
  </datafield>
  <datafield tag="500" ind1=" " ind2=" ">
    <subfield code="a">Four entirely in manuscript; five printed forms completed in manuscript.</subfield>
  </datafield>
  <datafield tag="583" ind1="0" ind2=" ">
    <subfield code="a">dispersed</subfield>
    <subfield code="c">2025-05-06</subfield>
    <subfield code="k">EB</subfield>
    <subfield code="2">local</subfield>
    <subfield code="5">DFo</subfield>
  </datafield>
  <datafield tag="655" ind1=" " ind2="7">
    <subfield code="a">Manuscripts (documents)</subfield>
    <subfield code="0">300028569</subfield>
    <subfield code="2">aat</subfield>
  </datafield>
  <datafield tag="852" ind1="8" ind2=" ">
    <subfield code="a">US-DFo</subfield>
    <subfield code="z">Ordered from Dean Cooke, Manuscripts &amp; Rare Books, D9535, 2021-10-06, Cat. "First words: catalogue of manuscripts &amp; rare books to be exhibited by Dean Cooke Rare Books Ltd on stand A7 at the firsts fair Saatchi Gallery London 21 - 24 October 2021.", item #1.</subfield>
    <subfield code="z">From dealer's description: "[1] Manuscript. Single sheet. Folio (305 mm x 197 mm). Two red wax seals (one broken). Edges spotted. Written in a clear hand. “Emma Moose of Great Kimble in the County of Bucks Maketh Oath That Mary King the daughter of Thomas Knight … lately deceased was not wrapped or Wound or buryed in any Shirt Shift Sheete or Shroud made or mingled with fflax Hemp Silke haire gold or Silver or other than Sheeps Wool onely … [16th April] 1683. / Sealed &amp; Subscribed by We who were put &amp; Wittnesses to the sweareing of the abovesaid Affidavit / Sarah Widdowes / Eliz: Eldridge / I Gervase Widowes of Minster of Princes Risborough … Ger: Widowes.”"</subfield>
    <subfield code="z">From dealer's description: "1. REST IN FLEECE[BURIED IN WOOL]A group of nine printed and manuscript affidavits for being buried in wool.[Circa 1683-1702]. A collection of nine documents. Printed examples are in various stages of decay (some in poor condition), but the manuscript documents are in rather better condition. Gathered here together are a group of nine witnesses to the contentious ‘Burying in Woollen’ acts of 1666 and 1678; acts which made the burying of the deceased in pure English woollen shrouds a legal obligation. This collection comprises an unusually large grouping all from the same location. These nine affidavits, written between 1683 and 1702, document the deaths of nine people from the county of Buckinghamshire. The second “Act for Burying in Woollen” of 1678, a repeal of the first act, stated its aim as “lessening the importation of linen from beyond the seas, and the encouragement of the woollen and paper manufacturer of the kingdom”. Capitalising on the high death toll of the period due to the plague, this act moved to halt the importation of foreign materials commonly used in burials such as linen from France. The majority of these affidavits reference women from the Buckinghamshire parishes of Aylesbury and Great Kimble. Each affidavit bears a variation of the phrase “buried the day of ye date hereof was not wound or wrapt in any sheet shirt shift or shroud made or mingled with hemp flax gold silver silk or hair, or any other material save of sheeps wool only &amp; that the coffin was lin’d or fac’d with nothing...”. A sworn affidavit was required to be signed by two people, and if relatives of the deceased failed to comply, they were threatened with a fine of £5, a sum often crippling to ordinary citizens. This requirement inadvertently provides some evidence of education through the quality of the signatures themselves: the ability to write one’s name must proceed from an ability to read it, along with, presumably, other words. Of the 19 signatures, eight are by women, only two of whom sign with “The mark of”, while the others are signed in full or confidently abbreviated (e.g. “An: Lodington”). That so many were able to sign their names perhaps reflects the literacy level of a select group of citizens called upon as witnesses or it may even point to an unusually high level of literacy among both men and women in this small rural community, though it also supports the assumption that fewer women had access to education."</subfield>
    <subfield code="z">From dealer's description: "The act was widely unpopular, with disgust at being buried in wool conveyed through 18th-century literature, eg: “Odious! in woollen! 'twould a saint provoke! (Were the last words that poor Narcissa spoke).” (Alexander Pope: Moral Essays, Epistle I). The move to wool away from linen proved particularly contentious owing to its disregard for the popular Christian tradition of burying oneself in linen, emulating the burial of Jesus. These affidavits were notarized at the height of strict adherence to the ‘Buried in Woollen’ act, with the seals of both witnesses found upon each one. Until 1710 almost all affidavits in Oxfordshire had the signatures and seals of two witnesses, after 1710, “seals are rarely found”, and after 1740 “it is rare to find any witnesses recorded”. Though the acts were repealed in 1814, adherence had already waned hugely during the latter half of the 18th century and the law was rarely enforced. The authority of the parliamentary act is inscribed into these manuscripts, which wield the aesthetics of bureaucracy through their formalised and standardised text, red wax seals and, sometimes, illustrations. The participants are then co-opted into this process by being required to sign as witnesses. However, as the authority of the Buried in Woollen acts declined, so too did the production quality of their associated documents. The hallmarks of the inscription of authority, in the form of wax seals and witnesses, were rarely found on the page after the mid-18th century. These nine affidavits, which extend over two decades, offer material evidence of literacy and social structures in a small area of rural England. They illustrate how the application of authority through bureaucratic means finds expression in its paperwork, and how that bureaucracy was used to impose authority upon an often-unwilling population. The documents are an illuminating illustration of the controversial acts which, though intended to stimulate the domestic economy, did so to the cost of the ordinary citizen."</subfield>
    <subfield code="7">833220</subfield>
    <subfield code="j">272517</subfield>
    <subfield code="h">272517 MS</subfield>
    <subfield code="n">9 items in one box: 32 x 24 x 2 cm</subfield>
  </datafield>
  <datafield tag="909" ind1="C" ind2="O">
    <subfield code="o">oai:catalog.folger.edu:545003</subfield>
    <subfield code="p">GLOBAL_SET</subfield>
  </datafield>
  <datafield tag="980" ind1=" " ind2=" ">
    <subfield code="a">BIB</subfield>
  </datafield>
  <datafield tag="983" ind1=" " ind2=" ">
    <subfield code="a">Vault</subfield>
  </datafield>
</record>
<record>
  <controlfield tag="000">04100cam\a2200445\\\4500</controlfield>
  <controlfield tag="001">169648</controlfield>
  <controlfield tag="005">20251009093120.0</controlfield>
  <controlfield tag="008">930923s1604\\\\enk||||\\\\\\o00|\||eng\d</controlfield>
  <datafield tag="035" ind1=" " ind2=" ">
    <subfield code="9">ESTCS122980</subfield>
  </datafield>
  <datafield tag="040" ind1=" " ind2=" ">
    <subfield code="a">Cu-RivES</subfield>
    <subfield code="c">Cu-RivES</subfield>
    <subfield code="d">CStRLIN</subfield>
    <subfield code="d">Cu-RivES</subfield>
    <subfield code="e">dcrb</subfield>
    <subfield code="d">UtOrBLW</subfield>
  </datafield>
  <datafield tag="043" ind1=" " ind2=" ">
    <subfield code="a">e-uk---</subfield>
  </datafield>
  <datafield tag="110" ind1="1" ind2=" ">
    <subfield code="a">England and Wales.</subfield>
    <subfield code="b">Sovereign (1603-1625 : James I)</subfield>
    <subfield code="0">n  81063082</subfield>
  </datafield>
  <datafield tag="240" ind1="1" ind2="0">
    <subfield code="a">Miscellaneous Documents. 1604-07-31</subfield>
  </datafield>
  <datafield tag="245" ind1="1" ind2="0">
    <subfield code="a">By the King. Trustie and welbeloued, wee greete you well :</subfield>
    <subfield code="b">although there be nothing more against our minde then to be drawne into any course that may breed in our subiects the least doubt of our vnwillingnes to throw any burthens vpon them ...</subfield>
  </datafield>
  <datafield tag="246" ind1="3" ind2=" ">
    <subfield code="a">By the King. Trustie and welbeloved, wee greete you well</subfield>
  </datafield>
  <datafield tag="260" ind1=" " ind2=" ">
    <subfield code="a">[London] :</subfield>
    <subfield code="b">[printed by Robert Barker?],</subfield>
    <subfield code="c">[1604]</subfield>
  </datafield>
  <datafield tag="300" ind1=" " ind2=" ">
    <subfield code="a">1 sheet ([1] p.) ;</subfield>
    <subfield code="c">(full-sheet).</subfield>
  </datafield>
  <datafield tag="336" ind1=" " ind2=" ">
    <subfield code="a">text</subfield>
    <subfield code="b">txt</subfield>
    <subfield code="2">rdacontent</subfield>
  </datafield>
  <datafield tag="337" ind1=" " ind2=" ">
    <subfield code="a">unmediated</subfield>
    <subfield code="b">n</subfield>
    <subfield code="2">rdamedia</subfield>
  </datafield>
  <datafield tag="340" ind1=" " ind2=" ">
    <subfield code="m">full-sheet</subfield>
    <subfield code="2">rdabf</subfield>
  </datafield>
  <datafield tag="500" ind1=" " ind2=" ">
    <subfield code="a">A brief for a loan.</subfield>
  </datafield>
  <datafield tag="500" ind1=" " ind2=" ">
    <subfield code="a">Dated at end: Westminster the last day of Iuly, in the second yeere of our reigne ..</subfield>
  </datafield>
  <datafield tag="500" ind1=" " ind2=" ">
    <subfield code="a">Printer's name conjectured by STC.</subfield>
  </datafield>
  <datafield tag="500" ind1=" " ind2=" ">
    <subfield code="a">Printed in civilité type on top half of a full sheet.</subfield>
  </datafield>
  <datafield tag="500" ind1=" " ind2=" ">
    <subfield code="a">Formerly STC 8356 and 8357.</subfield>
  </datafield>
  <datafield tag="500" ind1=" " ind2=" ">
    <subfield code="a">There are three major states. (1) Last line begins "Ireland". 1a: the last 7 lines have blanks for the sum, the collector, and the county. 1b: these blanks printed with "twentie pounds", "Thomas Scudamore Esquire", and "Yorke"; some resetting. (2) Last 7 lines partly reset; last line begins "England". 2a: the last 7 lines have blanks for the sum, the collector, and the county. 2b: these blanks printed with (α) £40, (β) £30, or (γ) £20 and Sir Charles Cornwallis, Norfolk. (3) Last 7 lines partly reset; last line begins "our". All copies of state 3 have blanks.</subfield>
  </datafield>
  <datafield tag="510" ind1="4" ind2=" ">
    <subfield code="a">Pollard, A.W. Short-title catalogue of books printed in England, Scotland, &amp; Ireland and of English books printed abroad, 1475-1640 (2nd ed.) (STC),</subfield>
    <subfield code="c">9175i.3</subfield>
  </datafield>
  <datafield tag="510" ind1="4" ind2=" ">
    <subfield code="a">English short title catalogue (ESTC),</subfield>
    <subfield code="c">S122980</subfield>
  </datafield>
  <datafield tag="539" ind1=" " ind2=" ">
    <subfield code="a">O.</subfield>
  </datafield>
  <datafield tag="539" ind1=" " ind2=" ">
    <subfield code="a">L.</subfield>
  </datafield>
  <datafield tag="583" ind1="0" ind2=" ">
    <subfield code="3">STC 9175i.3</subfield>
    <subfield code="a">dispersed</subfield>
    <subfield code="c">2024-12-17</subfield>
    <subfield code="k">DJL</subfield>
    <subfield code="2">local</subfield>
    <subfield code="5">DFo</subfield>
  </datafield>
  <datafield tag="650" ind1=" " ind2="0">
    <subfield code="a">Finance, Public</subfield>
    <subfield code="z">Great Britain</subfield>
    <subfield code="x">History</subfield>
    <subfield code="y">To 1688</subfield>
    <subfield code="0">sh 85048281</subfield>
    <subfield code="v">Early works to 1800.</subfield>
    <subfield code="0">sh 99001366</subfield>
  </datafield>
  <datafield tag="655" ind1=" " ind2="7">
    <subfield code="a">Annotations.</subfield>
    <subfield code="0">cv00102</subfield>
    <subfield code="2">rbmscv</subfield>
    <subfield code="5">DFo</subfield>
  </datafield>
  <datafield tag="700" ind1="0" ind2=" ">
    <subfield code="a">James</subfield>
    <subfield code="b">I,</subfield>
    <subfield code="c">King of England,</subfield>
    <subfield code="d">1566-1625.</subfield>
    <subfield code="0">n  80035841</subfield>
  </datafield>
  <datafield tag="700" ind1="1" ind2=" ">
    <subfield code="a">Barker, Robert,</subfield>
    <subfield code="d">-1645,</subfield>
    <subfield code="0">nr 95013746,</subfield>
    <subfield code="e">printer.</subfield>
  </datafield>
  <datafield tag="752" ind1=" " ind2=" ">
    <subfield code="a">Great Britain</subfield>
    <subfield code="b">England</subfield>
    <subfield code="d">London.</subfield>
    <subfield code="2">naf</subfield>
  </datafield>
  <datafield tag="852" ind1="8" ind2=" ">
    <subfield code="a">US-DFo</subfield>
    <subfield code="b">DeckB-STC</subfield>
    <subfield code="h">STC 8356</subfield>
    <subfield code="x">To catalog; on hold</subfield>
    <subfield code="z">Loseley. State 1a. Filled out in manuscript for Sir Francis Carew (£50, to Sir George More, Surrey); signed by Tho. Kerry. With manuscript docket title on verso. Provenance: from the Loseley collection</subfield>
    <subfield code="7">165068</subfield>
  </datafield>
  <datafield tag="852" ind1="8" ind2=" ">
    <subfield code="a">US-DFo</subfield>
    <subfield code="b">DeckB-STC</subfield>
    <subfield code="h">STC 8357</subfield>
    <subfield code="z">cs1602. State 3. Filled out in manuscript for Francis Jermye (£40, to Sir Robert Gardner, Suffolk); signed by Tho: Kerry. Manuscript notes, including inscription to Sir Vincent Skinner, signed by Sir Julius Caesar, and dated 16 June 1608. For a description of this item, see: S. De Ricci, 'Census of...manuscripts in the United States'....New York, 1935: Folger, no. 1602.1. With manuscript docket title on verso. Provenance: Charles F. Gunther sale, New York, 11 November 1926:80; bought by Folger from Rosenbach</subfield>
    <subfield code="7">165069</subfield>
  </datafield>
  <datafield tag="852" ind1="8" ind2=" ">
    <subfield code="a">US-DFo</subfield>
    <subfield code="h">STC 9175i.3</subfield>
    <subfield code="z">This copy has not yet been cataloged. The description may contain incorrect information. The "FAST ACC" number is a temporary call number. Please email catalog@folger.edu for assistance.</subfield>
    <subfield code="z">Ordered from WS Cotter Rare Books &amp; Restoration, D9524, 2021-08-30, email quote.</subfield>
    <subfield code="z">State 2b (alpha). From dealer's description: "London: Robert Barker, 1604. Broadside, 459 x 342 mm et infra. Slits for paper "lock" evident. Evidently once in the stock of James Burmester of Bristol; offered in the Phillips Sale, 26/7 Nov., 1973, lot 2688; acquired by W. S. Cotter Rare Books from Joe Luttrell of Meyer Boswell Rare Books, San Francisco, May 2021. STC 9175i(3)2; ESTC S122980; Carter &amp; Vervliet 300."</subfield>
    <subfield code="j">272194</subfield>
    <subfield code="7">833171</subfield>
    <subfield code="x">Shelve on Deck C</subfield>
  </datafield>
  <datafield tag="859" ind1=" " ind2=" ">
    <subfield code="p">N</subfield>
    <subfield code="r">N</subfield>
    <subfield code="l">DFo</subfield>
    <subfield code="v">Y</subfield>
    <subfield code="d">10-29-02</subfield>
    <subfield code="c">SMT</subfield>
    <subfield code="b">ST</subfield>
  </datafield>
  <datafield tag="909" ind1="C" ind2="O">
    <subfield code="o">oai:catalog.folger.edu:169648</subfield>
    <subfield code="p">GLOBAL_SET</subfield>
  </datafield>
  <datafield tag="969" ind1=" " ind2=" ">
    <subfield code="a">z</subfield>
    <subfield code="c">n</subfield>
  </datafield>
  <datafield tag="980" ind1=" " ind2=" ">
    <subfield code="a">BIB</subfield>
  </datafield>
  <datafield tag="983" ind1=" " ind2=" ">
    <subfield code="a">Vault</subfield>
  </datafield>
  <datafield tag="998" ind1=" " ind2=" ">
    <subfield code="a">04/03/03</subfield>
    <subfield code="t">c</subfield>
    <subfield code="s">9125</subfield>
    <subfield code="n">DFo</subfield>
    <subfield code="w">ESTCS122980</subfield>
    <subfield code="d">08/18/02</subfield>
    <subfield code="i">030403</subfield>
    <subfield code="h">030331</subfield>
    <subfield code="l">ESTC</subfield>
  </datafield>
</record>
<record>
  <controlfield tag="000">02074ctm\a2200193Ii\4500</controlfield>
  <controlfield tag="001">544797</controlfield>
  <controlfield tag="005">20251009150820.0</controlfield>
  <controlfield tag="008">210614s1725\\\\enk\\\\\\\\\\\000\0\eng\d</controlfield>
  <datafield tag="040" ind1=" " ind2=" ">
    <subfield code="d">UtOrBLW</subfield>
  </datafield>
  <datafield tag="245" ind1="1" ind2="0">
    <subfield code="a">Receipt from William Cronker, London, to Mr. Clarke</subfield>
    <subfield code="h">[manuscript] :</subfield>
    <subfield code="k">autograph signed manuscript on pre-printed form,</subfield>
    <subfield code="f">1725 October 28.</subfield>
  </datafield>
  <datafield tag="246" ind1="1" ind2="0">
    <subfield code="i">Printed text:</subfield>
    <subfield code="a">Bought of John Wyatt &amp; William Cronker at the Three Kings, the new house, [th]e corner of [th]e Old Bailey, on Ludgate Hill, London</subfield>
  </datafield>
  <datafield tag="260" ind1=" " ind2=" ">
    <subfield code="a">London,</subfield>
    <subfield code="c">1725 October 28.</subfield>
  </datafield>
  <datafield tag="300" ind1=" " ind2=" ">
    <subfield code="a">1 item ;</subfield>
    <subfield code="c">19 x 15 cm</subfield>
  </datafield>
  <datafield tag="336" ind1=" " ind2=" ">
    <subfield code="a">text</subfield>
    <subfield code="b">txt</subfield>
    <subfield code="2">rdacontent</subfield>
  </datafield>
  <datafield tag="337" ind1=" " ind2=" ">
    <subfield code="a">unmediated</subfield>
    <subfield code="b">n</subfield>
    <subfield code="2">rdamedia</subfield>
  </datafield>
  <datafield tag="500" ind1=" " ind2=" ">
    <subfield code="a">This is a PRELIMINARY RECORD. It may contain incorrect information. Please email catalog@folger.edu for assistance.</subfield>
    <subfield code="5">DFo</subfield>
  </datafield>
  <datafield tag="500" ind1=" " ind2=" ">
    <subfield code="a">Engraved receipt completed in manuscript.</subfield>
  </datafield>
  <datafield tag="500" ind1=" " ind2=" ">
    <subfield code="a">Dated "28th October 1725".</subfield>
  </datafield>
  <datafield tag="541" ind1="1" ind2=" ">
    <subfield code="n">37 x 28 cm</subfield>
  </datafield>
  <datafield tag="583" ind1="0" ind2=" ">
    <subfield code="a">dispersed</subfield>
    <subfield code="c">2025-10-06</subfield>
    <subfield code="k">EB</subfield>
    <subfield code="2">local</subfield>
    <subfield code="5">DFo</subfield>
  </datafield>
  <datafield tag="655" ind1=" " ind2="7">
    <subfield code="a">Receipts (financial records)</subfield>
    <subfield code="2">aat</subfield>
  </datafield>
  <datafield tag="655" ind1=" " ind2="7">
    <subfield code="a">Manuscripts (documents)</subfield>
    <subfield code="2">aat</subfield>
  </datafield>
  <datafield tag="752" ind1=" " ind2=" ">
    <subfield code="a">Great Britain</subfield>
    <subfield code="b">England</subfield>
    <subfield code="d">London.</subfield>
    <subfield code="2">naf</subfield>
  </datafield>
  <datafield tag="791" ind1="2" ind2=" ">
    <subfield code="a">The Charles W. Engelhard Acquisitions Fund,</subfield>
    <subfield code="e">funder.</subfield>
    <subfield code="g">133</subfield>
    <subfield code="5">DFo</subfield>
  </datafield>
  <datafield tag="852" ind1="8" ind2=" ">
    <subfield code="a">US-DFo</subfield>
    <subfield code="h">272166 MS</subfield>
    <subfield code="z">Purchase made possible by The Charles W. Engelhard Acquisitions Fund.</subfield>
    <subfield code="z">Ordered from Samuel Gedge Ltd., D9486, 2021-06-07, Cat. "GEORGIAN SENSIBILITIES A LIST OF BOOKS, MANUSCRIPTS, PRINTS, DRAWINGS &amp; EPHEMERA FOR FIRSTS ONLINE", MAY 2021, item #64.</subfield>
    <subfield code="z">From dealer's description: "Bought of John Wyatt &amp; William Cronker at the Three Kings, the new house, ye corner of ye Old Bailey, on Ludgate Hill … [London, dated in manuscript 28 October 1725.] Engraved billhead (19 x 14.5cm) engraving of three kings at head of sheet, completed in manuscript and signed off by William Cronker, small hole in centre from impaling, very good. A scarce early eighteenth century engraved billhead issued in 1725 by John Wyatt and William Cronker, London mercers on Ludgate Hill. The decorative engraving at the head of the bill illustrates their sign, the Three Kings. The invoice penned on the sheet to a “Mr Clarke”, records the purchase of “59 yards … flowerd silks” and other fabrics."</subfield>
    <subfield code="7">832991</subfield>
    <subfield code="j">272166</subfield>
  </datafield>
  <datafield tag="909" ind1="C" ind2="O">
    <subfield code="o">oai:catalog.folger.edu:544797</subfield>
    <subfield code="p">GLOBAL_SET</subfield>
  </datafield>
  <datafield tag="980" ind1=" " ind2=" ">
    <subfield code="a">BIB</subfield>
  </datafield>
  <datafield tag="983" ind1=" " ind2=" ">
    <subfield code="a">Vault</subfield>
  </datafield>
</record>
<record>
  <controlfield tag="000">02521ctm\a22002055i\4500</controlfield>
  <controlfield tag="001">544008</controlfield>
  <controlfield tag="005">20251009150811.0</controlfield>
  <controlfield tag="008">200918\1586\\\\enk\\\\\\\\\\\\\\\0\eng\\</controlfield>
  <datafield tag="040" ind1=" " ind2=" ">
    <subfield code="d">UtOrBLW</subfield>
  </datafield>
  <datafield tag="043" ind1=" " ind2=" ">
    <subfield code="a">e-uk-en</subfield>
  </datafield>
  <datafield tag="245" ind1="0" ind2="0">
    <subfield code="a">Exchequer receipt signed by Pierre De Fraisinet, confirming payment from “Mr. Lancelot Burton.</subfield>
  </datafield>
  <datafield tag="260" ind1=" " ind2=" ">
    <subfield code="a">London,</subfield>
    <subfield code="c">1711, June 15.</subfield>
  </datafield>
  <datafield tag="300" ind1=" " ind2=" ">
    <subfield code="a">1 volume ;</subfield>
    <subfield code="c">20 x 31 cm</subfield>
  </datafield>
  <datafield tag="336" ind1=" " ind2=" ">
    <subfield code="a">text</subfield>
    <subfield code="b">txt</subfield>
    <subfield code="2">rdacontent</subfield>
  </datafield>
  <datafield tag="337" ind1=" " ind2=" ">
    <subfield code="a">unmediated</subfield>
    <subfield code="b">n</subfield>
    <subfield code="2">rdamedia</subfield>
  </datafield>
  <datafield tag="500" ind1=" " ind2=" ">
    <subfield code="a">This is a PRELIMINARY RECORD. It may contain incorrect information. Please email catalog@folger.edu for assistance.</subfield>
    <subfield code="5">DFo</subfield>
  </datafield>
  <datafield tag="541" ind1="1" ind2=" ">
    <subfield code="n">30 x 20 x 1 cm</subfield>
  </datafield>
  <datafield tag="650" ind1=" " ind2="0">
    <subfield code="a">Receipts (Acknowledgments)</subfield>
    <subfield code="0">sh 85111810</subfield>
    <subfield code="z">England</subfield>
    <subfield code="0">n  82068148</subfield>
    <subfield code="v">Early works to 1700.</subfield>
  </datafield>
  <datafield tag="752" ind1=" " ind2=" ">
    <subfield code="a">Great Britain</subfield>
    <subfield code="b">England</subfield>
    <subfield code="d">London.</subfield>
    <subfield code="2">naf</subfield>
  </datafield>
  <datafield tag="791" ind1="2" ind2=" ">
    <subfield code="a">The Elizabeth L. Eisenstein Acquisitions Fund,</subfield>
    <subfield code="e">funder.</subfield>
    <subfield code="g">121</subfield>
    <subfield code="5">DFo</subfield>
  </datafield>
  <datafield tag="852" ind1="8" ind2=" ">
    <subfield code="a">US-DFo</subfield>
    <subfield code="b">DeckC-Rare</subfield>
    <subfield code="h">FAST ACC 272109</subfield>
    <subfield code="z">Purchase made possible by The Elizabeth L. Eisenstein Acquisitions Fund.</subfield>
    <subfield code="z">From dealer's description: "Exchequer receipt signed by Pierre De Fraisinet, confirming payment from “Mr. Lancelot Burton, one of the receivers of the Contribution for Two Millions, the sum of four pounds eight shillings and four pence being the prompt payment of two hund[red] and fifty pounds the 2d. and 3d. part for five tickets...] [London, 15 June 1711.] Printed receipt, single  sheet. Folio (19.5  x 30.5cm)  completed in manuscript, signed at foot by “ P[ier]re ... De Fraisinet,” uncut, some negligible marginal dustiness, very good. The “Two Million Adventure” Lottery received royal assent 12 June 1711. With 20,000 tickets costing £100 each, five differ- ent classes of ticket with varying prizes, a top prize of £20,000, and a guarantee that every ticket would win a prize of at least £10, the project brought in much-needed funds for the govern- ment   of Queen Anne (1665-1714) during the War of the Spanish Succession. The Bank of England acted as receiver, the money  then being loaned  to  the government. This printed receipt dated 15 June 1711 records a payment from the finan- cier Lancelot Burton, one of the appointed receivers for this lottery, to Pierre De Fraisinet, a purchaser of five tickets.Ticket holders received interest payments in addition to the chance of winning prizes, “payable in course, with a certain increase of principal and interest, according to several classes”, in this case “with addition of chances for 106 days from the date hereof to the 29th of September, 1711. Inclusive, at 4d per cent. Perdiem ...”</subfield>
    <subfield code="z">Ordered from Samuel Gedge, D9409, 2020-09-11, List - Firsts Online September 2020, item 289.</subfield>
    <subfield code="7">832111</subfield>
    <subfield code="j">272109</subfield>
  </datafield>
  <datafield tag="909" ind1="C" ind2="O">
    <subfield code="o">oai:catalog.folger.edu:544008</subfield>
    <subfield code="p">GLOBAL_SET</subfield>
  </datafield>
  <datafield tag="980" ind1=" " ind2=" ">
    <subfield code="a">BIB</subfield>
  </datafield>
  <datafield tag="983" ind1=" " ind2=" ">
    <subfield code="a">Vault</subfield>
  </datafield>
</record>
<record>
  <controlfield tag="000">02205ctm\a22002055i\4500</controlfield>
  <controlfield tag="001">544009</controlfield>
  <controlfield tag="005">20251009150811.0</controlfield>
  <controlfield tag="008">200918\1586\\\\enk\\\\\\\\\\\\\\\0\eng\\</controlfield>
  <datafield tag="040" ind1=" " ind2=" ">
    <subfield code="d">UtOrBLW</subfield>
  </datafield>
  <datafield tag="043" ind1=" " ind2=" ">
    <subfield code="a">e-uk-en</subfield>
  </datafield>
  <datafield tag="245" ind1="0" ind2="0">
    <subfield code="a">Exchequer receipt signed by Lancelot Burton confirming payment of thirty pounds from John Hals.</subfield>
  </datafield>
  <datafield tag="260" ind1=" " ind2=" ">
    <subfield code="a">London,</subfield>
    <subfield code="c">1713, November4.</subfield>
  </datafield>
  <datafield tag="300" ind1=" " ind2=" ">
    <subfield code="a">1 volume ;</subfield>
    <subfield code="c">19 x 30 cm</subfield>
  </datafield>
  <datafield tag="336" ind1=" " ind2=" ">
    <subfield code="a">text</subfield>
    <subfield code="b">txt</subfield>
    <subfield code="2">rdacontent</subfield>
  </datafield>
  <datafield tag="337" ind1=" " ind2=" ">
    <subfield code="a">unmediated</subfield>
    <subfield code="b">n</subfield>
    <subfield code="2">rdamedia</subfield>
  </datafield>
  <datafield tag="500" ind1=" " ind2=" ">
    <subfield code="a">This is a PRELIMINARY RECORD. It may contain incorrect information. Please email catalog@folger.edu for assistance.</subfield>
    <subfield code="5">DFo</subfield>
  </datafield>
  <datafield tag="541" ind1="1" ind2=" ">
    <subfield code="n">30 x 20 x 1 cm</subfield>
  </datafield>
  <datafield tag="650" ind1=" " ind2="0">
    <subfield code="a">Receipts (Acknowledgments)</subfield>
    <subfield code="0">sh 85111810</subfield>
    <subfield code="z">England</subfield>
    <subfield code="0">n  82068148</subfield>
    <subfield code="v">Early works to 1700.</subfield>
  </datafield>
  <datafield tag="752" ind1=" " ind2=" ">
    <subfield code="a">Great Britain</subfield>
    <subfield code="b">England</subfield>
    <subfield code="d">London.</subfield>
    <subfield code="2">naf</subfield>
  </datafield>
  <datafield tag="791" ind1="2" ind2=" ">
    <subfield code="a">The Elizabeth L. Eisenstein Acquisitions Fund,</subfield>
    <subfield code="e">funder.</subfield>
    <subfield code="g">121</subfield>
    <subfield code="5">DFo</subfield>
  </datafield>
  <datafield tag="852" ind1="8" ind2=" ">
    <subfield code="a">US-DFo</subfield>
    <subfield code="b">DeckC-Rare</subfield>
    <subfield code="h">FAST ACC 272108</subfield>
    <subfield code="z">Purchase made possible by The Elizabeth L. Eisenstein Acquisitions Fund.</subfield>
    <subfield code="z">From dealer's description: "Exchequer receipt signed by Lancelot Burton confirming payment of thirty pounds from John Hals, being “the first part of the money to be contributed by him for six tickets to be drawn” in the Civil List Lottery of 1713.] [London, 4 November 1713.] Printed receipt, single sheet. Folio (19.5 x 30cm) completed in manuscript, signed at foot “L. Burton”, some slight marginal  dustiness and fraying (not touching text), very good. Bearing the signature of the financier Lancelot Burton, one of the official receivers for the “Civil List” Lottery of 1713, this printed receipt dated 4 November 1713 records the payment of thirty pounds by John Hals, being “the first part of the money to be contributed by him for six tickets to be drawn.” We have managed to trace Hals, one of the new class of brokers that emerged from London’s financial revolution in the 1690s, advertising his services in the The Examiner (Thursday 21 June 1711): “John Hals, removed from the office next Jonathans Coffee-house, to his office near the Union Coffee-house in Exchange Alley; who buyeth and selleth lottery tickets, East India bonds, debentures, Navy, transport and victualling bills, tallies, and other public securities ...”</subfield>
    <subfield code="z">Ordered from Samuel Gedge, D9409, 2020-09-11, List - Firsts Online September 2020, item 290.</subfield>
    <subfield code="7">832112</subfield>
    <subfield code="j">272108</subfield>
  </datafield>
  <datafield tag="909" ind1="C" ind2="O">
    <subfield code="o">oai:catalog.folger.edu:544009</subfield>
    <subfield code="p">GLOBAL_SET</subfield>
  </datafield>
  <datafield tag="980" ind1=" " ind2=" ">
    <subfield code="a">BIB</subfield>
  </datafield>
  <datafield tag="983" ind1=" " ind2=" ">
    <subfield code="a">Vault</subfield>
  </datafield>
</record>
<record>
  <controlfield tag="000">02233ctm\a22002415i\4500</controlfield>
  <controlfield tag="001">728507</controlfield>
  <controlfield tag="005">20251009151421.0</controlfield>
  <controlfield tag="008">220720e16940428stk\\\\\\\\\\\\\\\0\eng\\</controlfield>
  <datafield tag="040" ind1=" " ind2=" ">
    <subfield code="d">UtOrBLW</subfield>
  </datafield>
  <datafield tag="245" ind1="0" ind2="0">
    <subfield code="a">Edinburgh the [28] day of [March] 169[4] years. Received from [the laird of Niddrie five pound nynteen shilling ...] as [his] proportion of the money imposed upon the inhabitants of this city ... for cleansing the streets ... from [Whitsunday] 169[2] to [Whitsunday] 169[4] As also [three pound twelve shilling ...] for maintainance of the poor within the said city ...</subfield>
    <subfield code="h">[manuscript],</subfield>
    <subfield code="f">1694.</subfield>
  </datafield>
  <datafield tag="260" ind1=" " ind2=" ">
    <subfield code="a">[Edinburgh],</subfield>
    <subfield code="c">28 March 1694.</subfield>
  </datafield>
  <datafield tag="300" ind1=" " ind2=" ">
    <subfield code="a">1 item ;</subfield>
    <subfield code="c">8 x 21.5 cm</subfield>
  </datafield>
  <datafield tag="336" ind1=" " ind2=" ">
    <subfield code="a">text</subfield>
    <subfield code="b">txt</subfield>
    <subfield code="2">rdacontent</subfield>
  </datafield>
  <datafield tag="337" ind1=" " ind2=" ">
    <subfield code="a">unmediated</subfield>
    <subfield code="b">n</subfield>
    <subfield code="2">rdamedia</subfield>
  </datafield>
  <datafield tag="500" ind1=" " ind2=" ">
    <subfield code="a">This is a PRELIMINARY RECORD. It may contain incorrect information. Please email catalog@folger.edu for assistance.</subfield>
    <subfield code="5">DFo</subfield>
  </datafield>
  <datafield tag="583" ind1="0" ind2=" ">
    <subfield code="a">dispersed</subfield>
    <subfield code="c">2024-12-23</subfield>
    <subfield code="k">EB</subfield>
    <subfield code="2">local</subfield>
    <subfield code="5">DFo</subfield>
  </datafield>
  <datafield tag="655" ind1=" " ind2="7">
    <subfield code="a">Manuscripts (documents)</subfield>
    <subfield code="0">300028569</subfield>
    <subfield code="2">aat</subfield>
  </datafield>
  <datafield tag="655" ind1=" " ind2="7">
    <subfield code="a">Blank forms.</subfield>
    <subfield code="0">cv01003</subfield>
    <subfield code="2">rmbscv</subfield>
  </datafield>
  <datafield tag="752" ind1=" " ind2=" ">
    <subfield code="a">Great Britain</subfield>
    <subfield code="b">Scotland</subfield>
    <subfield code="d">Edinburgh.</subfield>
    <subfield code="2">naf</subfield>
  </datafield>
  <datafield tag="791" ind1="2" ind2=" ">
    <subfield code="a">Funder information from macro or template</subfield>
  </datafield>
  <datafield tag="852" ind1="8" ind2=" ">
    <subfield code="a">US-DFo</subfield>
    <subfield code="h">272251 MS</subfield>
    <subfield code="j">272251</subfield>
    <subfield code="n">45 x 35 cm</subfield>
    <subfield code="z">From dealer's description: "9. [SCOTLAND.] Edinburgh the [28] day of [March] 169[4] years. Received from [the laird of Niddrie five pound nynteen shilling ...] as [his] proportion of the money imposed upon the inhabitants of this city ... for cleansing the streets ... from [Whitsunday] 169[2] to [Whitsunday] 169[4] As also [three pound twelve shilling ...] for maintainance of the poor within the said city ... [Edinburgh, 28 March 1694.] Printed form (21.5 x 8cm) contemporary manuscript completions, signed off by “Wm. Carfrae”, old folds, manuscript docket title to verso, very good. A rare seventeenth century survival, this printed receipt dated 28 March 1694 records payments made by the Laird of Niddrie for an Edinburgh municipal tax imposed by local magistrates for “cleansing the streets”, also noting a payment for “maintainance of the poor within the said city.” This charge seems to relate to An act for cleansing the streets of Edinburgh (1686), passed to address “the many complaints of the nastiness of the streets, wynds, closes and other places of the city.” No similar example traced in ESTC or elsewhere."</subfield>
    <subfield code="z">Ordered from Samuel Gedge, D9589, 2022-05-09, Cat. 32 item 9.</subfield>
    <subfield code="7">1000692</subfield>
  </datafield>
  <datafield tag="909" ind1="C" ind2="O">
    <subfield code="o">oai:catalog.folger.edu:728507</subfield>
    <subfield code="p">GLOBAL_SET</subfield>
  </datafield>
  <datafield tag="980" ind1=" " ind2=" ">
    <subfield code="a">BIB</subfield>
  </datafield>
  <datafield tag="980" ind1=" " ind2=" ">
    <subfield code="a">ORDER</subfield>
  </datafield>
  <datafield tag="983" ind1=" " ind2=" ">
    <subfield code="a">Vault</subfield>
  </datafield>
</record>

</collection>